مكتبة جامعة عجلون الوطنية

فهرس بحث المكتبة

Normal view MARC view
  • الخوف - مؤتمرات

Entry Topical Term

Number of records used in: 1

001 - CONTROL NUMBER

  • control field: 33561

003 - CONTROL NUMBER IDENTIFIER

  • control field: JO-AjAnu

005 - DATE AND TIME OF LATEST TRANSACTION

  • control field: 20230606075629.0

008 - FIXED-LENGTH DATA ELEMENTS

  • fixed length control field: 230606|| aca||aabn | a|a d

040 ## - CATALOGING SOURCE

  • Original cataloging agency: JO-AjAnu
  • Transcribing agency: JO-AjAnu

150 ## - HEADING--TOPICAL TERM

  • Topical term or geographic name entry element: الخوف - مؤتمرات

670 ## - SOURCE DATA FOUND

  • Source citation: Work cat.: (JO-AjAnu)17241: جامعة فيلادافيا، أبو أصبع، صالح مراجع ومحرر، عبيدالله، يوسف مراجع ومحرر, author 33560, ثقافة الخوف: مؤتمر فيلادلفيا الدولي الحادي عشر 24-26 نيسان (ابريل) 2006 بحوث محكمة (2)